Salvation and behavior: (Record no. 5719)

000 -LEADER
fixed length control field 00701nam a2200193 a 4500
001 - CONTROL NUMBER
control field :::00003461$&:&@@
003 - CONTROL NUMBER IDENTIFIER
control field OkBaRHE
005 - DATE AND TIME OF LATEST TRANSACTION
control field 20100401123023.0
008 - FIXED-LENGTH DATA ELEMENTS--GENERAL INFORMATION
fixed length control field s1981 j 000 0 eng u
020 ## - INTERNATIONAL STANDARD BOOK NUMBER
International Standard Book Number 0825437350 :
040 ## - CATALOGING SOURCE
Transcribing agency
100 1# - MAIN ENTRY--PERSONAL NAME
Personal name Scroggie, W. Graham (William Graham), 1877-1958.
245 10 - TITLE STATEMENT
Title Salvation and behavior:
Remainder of title Romans 1-8, 12-15.
260 ## - PUBLICATION, DISTRIBUTION, ETC. (IMPRINT)
Place of publication, distribution, etc Grand Rapids, MI., :
Name of publisher, distributor, etc Kregel Publications
Date of publication, distribution, etc 1981
300 ## - PHYSICAL DESCRIPTION
Extent 104 p. ;
Dimensions 19 cm.
650 ## - SUBJECT ADDED ENTRY--TOPICAL TERM
Topical term or geographic name as entry element Bible New Testament Romans
General subdivision Criticism, Interpretation, etc. Addresses, Essays, Lectures
942 ## - ADDED ENTRY ELEMENTS (KOHA)
Source of classification or shelving scheme
Koha item type Books
Copies
Shelving location Permanent Location Not for loan Withdrawn status Lost status Source of classification or shelving scheme Full call number Date last seen Barcode Koha item type Damaged status Date acquired Copy number Price effective from
General StacksRHEMA Bible Training College    BS 2665.2 .S38 19812018-03-283461Books 2010-04-1412010-04-14